• 首页
  • 本馆介绍
  • 公告通知
  • 最新文献
  • 馆藏检索
  • 电子资源
  • 读者导购
  • 参考咨询
  • 我的图书馆
  • 登录
  • 详细信息显示
  • 放入我的书架
  • 预约/预借图书
  • 作者相关作品
  • 分类相关作品
  • 丛书相关作品
  • 出版社相关作品

书目信息

  • 表格格式
  • 工作单格式
  • 卡片格式
题名:
工会干部必备
    
 
作者: ;工会干部必备编写组 编
分册:  
出版信息: 上海   上海人民出版社  1987
页数: 574页
开本: 19cm
丛书名:
单 册:
中图分类: D412.6
科图分类:
主题词: 工会工作--中国
电子资源:
ISBN:
000 00653nam0 2200229 45
001 0187001072
005 20050629154739.8
010    @dCNY2.85
091    @a3074.753
100    @a19900808d1987 kemy0chiy0121 ea
101 0  @achi
102    @aCN@b310000
105    @ay z 000yy
200 10 @a工会干部必备@Agong hui gan bu bi bei@f工会干部必备编写组编@FGong Hui Gan Bu Bi Bei Bian Xie Zu Bian
210    @a上海@c上海人民出版社@d1987
215    @a574页@d19cm
606    @a工会工作@y中国
690    @aD412.6@v3
711 02 @a工会干部必备编写组@4编
801  0 @aCN@b深圳图书馆@c20040424
801  2 @aCN@bNLC@c20040424
905    @dD412.6@e11@f1@b205282
    
    工会干部必备/工会干部必备编写组编.-上海:上海人民出版社,1987
    574页;19cm
    
    
    ISBN :CNY2.85
    
●
相关链接 在E读中查询图书 在五车中查询图书 在当当中查询图书 在豆瓣中查询图书


正题名:工会干部必备     索取号:D412.6/11         预约/预借

序号 登录号 条形码 馆藏地/架位号 状态 备注
1 0205281   000382927   第一借阅区/ [索取号:D412.6/11] 在馆    
2 0205282   000382918   第一样本阅览室/ [索取号:D412.6/11] 在馆    
唐山师范学院图书馆 欢迎您!
大连网信软件有限公司© 版权所有